00426 a2200109 4500001001000000005001700010008004100027245016000068100001800228773005300246999001700299ART_4026420260410161740.0260409a 10aLos riesgos del trabajo y la ley 26773: aplicación inmediata. Opción excluyente. Constitucionalidad. Indemnizaciones tarifadas. Cambios. Jurisprudencia1 aDuarte, David0 tDoctrina laboralg- Nº 339 (nov. 2013)wREV4049 c18686d18686